Small and medium sized enterprises in context of slovak and italian business environment diplomová práca

Gespeichert in:
Bibliographische Detailangaben
1. Verfasser: Hrušovská, Jana
Körperschaft: Ekonomická univerzita v Bratislave. Ústav medzinárodných programov
Weitere Verfasser: Šúbertová, Elena
Format: Buch
Sprache:Englisch
Veröffentlicht: Bratislava 2012
Tags: Tag hinzufügen
Keine Tags, Fügen Sie das erste Tag hinzu!

MARC

LEADER 00000nam$a2200000$$$4500
001 0157626
005 20240318114652.0
041 0 |a eng 
044 |a SK 
245 1 0 |a Small and medium sized enterprises in context of slovak and italian business environment  |b diplomová práca  |c Jana Hrušovská ; školiteľ: Elena Šúbertová 
264 1 |a Bratislava  |c 2012 
300 |a 86 s. 
100 1 |a Hrušovská, Jana 
700 1 |a Šúbertová, Elena 
710 2 |a Ekonomická univerzita v Bratislave. Ústav medzinárodných programov